00853cam a22002057a 4500003000500000005001700005008004100022010001000063011001000073035001000083040000900093100003400102245026400136260004100400300001000441502010900451650003300560650002800593650002600621CHAP20220329141842.0980304d1997 mx r 00110 spa d a74805 a75777 a85347 cCHAP00aBautista García, Ana Luisa.10aEvaluación de tres métodos multirresiduos (Mills, Luke, Storberr) para el análisis de residuos de plaguicidas organofosforados en vegetales mediante cromatografía de gases utilizando un detector termoiónico selectivoc/por Ana Luisa Bautista Garcí aChapingo, Méx. :bEl autor,c1997. a55 h. aTesis (Ing. Agr. Esp. en Parasitología Agrícola) -- UACH. Departamento de Parasitología Agrícola14aAnálisis cromatográfico.14aInsecticidasxResiduos.14aPesticidasxResiduos.